000 00576nam a22002057a 4500
005 20220521130343.0
008 220521b ||||| |||| 00| 0 eng d
020 _a9789381667743
040 _aIN-DiNC
_cIN-DiNC
041 _dasm
100 _aPal Kripesh Chandra
_eauthor
245 _aGlobal Politics A
_cby Kripesh Chandra Pal
250 _a1st ed.
260 _aGuwahati
_bArun prakashan
_c2021
300 _a224p.
700 _aPratul Chandra Nayak
_eauthor
700 _aRatul Chandra Kalita
_eauthor
700 _aMoinul Haque Choudhury
_eauthor
942 _2ddc
_cBK
999 _c11295
_d11295